Primeiros passos p-ádicos
Sparad:
| Huvudupphovsman: | |
|---|---|
| Materialtyp: | Bok |
| Språk: | spanska |
| Publicerad: |
Río de Janeiro
IMPA
1987
|
| Ämnen: | |
| Taggar: |
Lägg till en tagg
Inga taggar, Lägg till första taggen!
|
MARC
| LEADER | 00000nam a2200000 a 4500 | ||
|---|---|---|---|
| 001 | UCW1576 | ||
| 003 | CL-VaPUC | ||
| 008 | 920804e19870000BL |||||||||||||||||spa|d | ||
| 082 | 0 | 4 | |a 512.74 |b QUA |2 21 |
| 100 | 0 | |a Quadros Gouvea, Fernando |e author |9 305612 | |
| 245 | 1 | 0 | |a Primeiros passos p-ádicos |
| 300 | |a 78 p | ||
| 942 | |c BK | ||
| 945 | |d 19920804 00:00:00 | ||
| 260 | |a Río de Janeiro |b IMPA |c 1987 | ||
| 650 | 7 | |a NUMERO PLANO |2 CL-VaPUC |9 271212 | |
| 583 | |a last modification |c 19920804 00:00:00 |k Rodrigo Vera | ||
| 999 | |c 216452 |d 216450 | ||
| 952 | |0 0 |1 0 |4 0 |6 512_740000000000000_QUA_1987 |7 0 |8 A |9 202174 |a BIBMAT |b BIBMAT |d 2019-11-14 |i 269297K |o 512.74 QUA 1987 |p 269297K |r 2025-01-07 |w 2019-11-14 |y BK |k MAT | ||